000 003940000a22001690004500
003 MACL
005 20150909164310.0
008 150909b xxu||||| |||| 00| 0 eng d
040 _aMACL
_cMACL
041 _aEnglish
082 _a821
100 _aNandy, Pritish
_99718
245 _aStrangertime
260 _bHind Pocket Books
_c1977
_aDelhi
650 _aPoetry
_99719
942 _cBK
_k821
_2ddc
999 _c6958
_d6958